Political marketing. Strategic campaign culture.
Uloženo v:
| Další autoři: | |
|---|---|
| Médium: | Neznámo |
| Vydáno: |
New York, USA; London, United Kingdom:
Routledge Taylor and Francis Group,
2015.
|
| Vydání: | First issued in paperback. |
| Edice: | Routledge research in political communication.
|
| Témata: | |
| Tagy: |
Přidat tag
Žádné tagy, Buďte první, kdo vytvoří štítek k tomuto záznamu!
|
MARC
| LEADER | 00000 a2200000 4500 | ||
|---|---|---|---|
| 003 | CL-VaPUC | ||
| 005 | 20221216093201.0 | ||
| 008 | 221130t2015 ||||| |||| 00| 0 eng d | ||
| 999 | |c 439535 |d 439533 | ||
| 020 | |a 978-1-138-94305-6 (pbk) | ||
| 040 | |c Pontificia Universidad Católica de Valparaíso | ||
| 082 | 7 | |a 324.7 GOU 2015 |2 22 | |
| 100 | |a Gouliamos, Kostas |9 878859 |e editor | ||
| 245 | |a Political marketing. |b Strategic campaign culture. | ||
| 250 | |a First issued in paperback. | ||
| 260 | |a New York, USA; |a London, United Kingdom: |b Routledge Taylor and Francis Group, |c 2015. | ||
| 300 | |a 325 páginas. | ||
| 440 | |a Routledge research in political communication. |9 878860 | ||
| 583 | |k GC |c 20221130 | ||
| 650 | |a Gestión de campañas |9 878921 | ||
| 650 | |a Campañas políticas |9 537273 | ||
| 650 | |a Marketing |x Aspectos políticos |9 878922 | ||
| 942 | |2 ddc |c BK | ||
| 952 | |0 0 |1 0 |2 ddc |4 0 |6 324_700000000000000_GOU_2015 |7 0 |8 A |9 588009 |a BIBCUR |b BIBCUR |c GEN |d 2022-11-30 |e 155 |g 112860.00 |i 5655864 |o 324.7 GOU 2015 |p 5655864 |r 2025-04-22 |t 1 |v 112860.00 |w 2022-11-30 |y BK |k PER | ||